Challenges of feminized agriculture in India / (Record no. 27011)
[ view plain ]
| 000 -LEADER | |
|---|---|
| fixed length control field | 00506nam a2200157Ia 4500 |
| 041 ## - LANGUAGE CODE | |
| Language code of text/sound track or separate title | English |
| 082 ## - DEWEY DECIMAL CLASSIFICATION NUMBER | |
| Classification number | RP.0317 |
| 100 ## - MAIN ENTRY--AUTHOR NAME | |
| Personal name | Pattnaik, Itishree |
| Affiliation | Gujarat Institute of Development Research |
| 245 #0 - TITLE STATEMENT | |
| Title | Challenges of feminized agriculture in India / |
| Statement of responsibility, etc | Itishree Pattnaik |
| 260 ## - PUBLICATION, DISTRIBUTION, ETC. (IMPRINT) | |
| Place of publication | New Delhi : |
| Name of publisher/Sponsor | Indian Council of Social Science Research, |
| Year of publication | 2017 |
| 300 ## - PHYSICAL DESCRIPTION | |
| Number of Pages | ix, 141p |
| 650 ## - SUBJECT ADDED ENTRY--TOPICAL TERM | |
| Topical Term | Feminized agriculture |
| Geographic subdivision | India |
| 650 ## - SUBJECT ADDED ENTRY--TOPICAL TERM | |
| Topical Term | Gender identity |
| 700 ## - ADDED ENTRY--PERSONAL NAME | |
| Personal name | Dutt-Lahiri, Kuntalal |
| 942 ## - ADDED ENTRY ELEMENTS (KOHA) | |
| Source of classification or shelving scheme | Dewey Decimal Classification |
| Koha item type | Books |
| Withdrawn status | Lost status | Damaged status | Not for loan | Collection code | Home library | Current library | Date acquired | Source of acquisition | Full call number | Accession Number | Price effective from | Koha item type |
|---|---|---|---|---|---|---|---|---|---|---|---|---|
| Not For Loan | Minor Research project Reports | NASSDOC Library | NASSDOC Library | 12/11/2021 | Gifted by: RP Division ICSSR | RP.0317 | 51643 | 13/12/2021 | Research Reports |
